| 000 | 01034nam a22002537a 4500 | ||
|---|---|---|---|
| 005 | 20120103110221.0 | ||
| 008 | 120103t xxu||||| |||| 00| 0 eng d | ||
| 010 | _aENG-104547 | ||
| 020 |
_a9780415693059 _c995.00 |
||
| 035 | _aEN-88080 | ||
| 037 | _bDBAD/PUB | ||
| 040 |
_aDPL _bEng |
||
| 082 | _a333.91054 | ||
| 245 |
_aEcosystems and integrated water resources management in South Asia / _cedited by E.R. N. Gunawardena, Brij Gopal [and] Hemesiri Kotagama |
||
| 260 |
_aNew Delhi _bRoutledge _c2012 |
||
| 270 |
_a912, Tolstoy House, 15-17 Tolstoy Marg, Connaught Place _bNew Delhi _e110001 |
||
| 300 |
_axviii,384p. : _c23cm (Hb) _bill. |
||
| 500 | _aIncludes bibliographical references and index | ||
| 700 |
_aGunawardena, E.R.N. _937866 |
||
| 700 |
_aBrij Gopal _937867 |
||
| 700 |
_aKotagama, Hemesiri _937880 |
||
| 942 |
_2ddc _cEN _h333.91054 _mECO |
||
| 999 |
_c60161 _d60161 |
||